000
00264 a2200097 4500
090
_c
3822
_d
3822
100
_a
Steven Holzner
245
_a
XHTML with Java Script, XML and Java Black Book
260
_a
Dreamtech Press
_b
New Delhi
_c
2000
942
_a
NBS
_c
BK
_k
005.13 HOL
999
_c
346286
_d
346286